000 00437nam a2200181Ia 4500
003 GCL
008 140319s9999 xx 000 0 eng d
040 _aGCL /
_cGCL
082 0 4 _a709.2
_bV C
100 1 _aVAIZEY, MARINA
245 1 0 _aCHRISTO /
_cVAIZEY, MARINA
260 _a[S.N] :
_bACADEMY EDITIONS ،
_c1991
300 _a128 P
650 0 4 _aARTISTS
650 0 4 _aCHRISTO
650 0 4 _aWARPPING AND PACKING
942 _2ddc
_cBK
999 _c11076
_d11076